| 000 | 01823nam a22004337a 4500 | ||
|---|---|---|---|
| 003 | CHAP | ||
| 005 | 20220817041942.0 | ||
| 008 | 971013s1961 r 00010 d | ||
| 010 | _a29819 | ||
| 011 | _a30791 | ||
| 035 | _a34903 | ||
| 040 | _cCHAP | ||
| 082 |
_a332.401 _bK87 |
||
| 100 | 0 | 0 |
_aKurihara, Kenneth K. _964114 |
| 245 | _aTeoría monetaria y política pública | ||
| 260 |
_aMéxico, D. F. : _bFondo de Cultura Económica, _c1961 |
||
| 300 | _a359 p. | ||
| 590 |
_aBATCH-UPD _b10 _c20130110 _lUCH01 _h1246 |
||
| 590 |
_aBATCH-UPD _b10 _c20130410 _lUCH01 _h0810 |
||
| 590 |
_aBATCH-UPD _b10 _c20130914 _lUCH01 _h1113 |
||
| 590 |
_aCONVERSION _b10 _c20130109 _lUCH01 _h1317 |
||
| 650 | 1 | 4 |
_aCuestión monetaria. _930120 |
| 650 | 1 | 4 |
_aDinero. _932616 |
| 650 | 1 | 4 | _aPolítica económica. |
| 901 | _aBK | ||
| 942 | _cLIBRO | ||
| 949 |
_a332.401 K87 _bBC _cLIBRO _d33724000337168 _eLIBRO _fc.12 _h14023 _i34903 _si |
||
| 949 |
_a332.401 K87 _bBC _cLIBRO _d33724000337176 _eLIBRO _fc.8 _h3018 _i34903 _si |
||
| 949 |
_a332.401 K87 _bBC _cLIBRO _d33724000337184 _eLIBRO _fc.10 _h3020 _i34903 _si |
||
| 949 |
_a332.401 K87 _bBC _cLIBRO _d33724000337192 _eLIBRO _fc.9 _h3019 _i34903 _si |
||
| 949 |
_a332.401 K87 _bBC _cLIBRO _d33724000337200 _eLIBRO _fc.6 _h3016 _i34903 _si |
||
| 949 |
_a332.401 K87 _bBC _cLIBRO _d33724000337218 _eLIBRO _fc.5 _h3015 _i34903 _si |
||
| 949 |
_a332.401 K87 _bBC _cLIBRO _d33724000337226 _eLIBRO _fc.3 _h3013 _i34903 _si |
||
| 949 |
_a332.401 K87 _bBC _cLIBRO _d33724000337234 _eLIBRO _fc.7 _h3017 _i34903 _si |
||
| 949 |
_a332.401 K87 _bBC _cLIBRO _d33724000337242 _eLIBRO _fc.4 _h3014 _i34903 _si |
||
| 949 |
_a332.401 K87 _bBC _cLIBRO _d33724000337259 _eLIBRO _fc.2 _h3012 _i34903 _si |
||
| 949 |
_a332.401 K87 _bBC _cLIBRO _d33724000337267 _eLIBRO _h3011 _i34903 _si |
||
| 949 |
_a332.401 K87 _bBC _cLIBRO _d33724000579256 _eLIBRO _fc.11 _h3021 _i34903 _sb |
||
| 999 |
_c29819 _d29819 |
||